000 00593nam a2200241Ia 4500
003 OSt
005 20220924144410.0
006 a|||||r|||| 00| 0
007 ta
008 220923b |||||||| |||| 00| 0 urd d
020 _c1.25
024 _a314131
037 _cTextual
040 _aARTS
_cARTS
_burd
041 _2urd
_aurd
082 _aO168,1MS,1, B7
100 _aShaq Ahmad Ali
_9217588
245 0 _aMasnavi Tarna-e-Shaq
260 _c1887
650 _aURDU POETRY
942 _hO168,1MS,1, B7
_cTEXL
_2CC
999 _c456948
_d456948